00891 2200325 4500001002100000005001500021035002000036007000300056040001700059100003000076245005700106250001000163300003000173020002200203041000800225082001000233084001600243090002600259264004100285336002100326337003000347338002300377650002000400850001000420008004100430260003500471504002500506990001700531990001700548INLIS00000000000948120260420093238 a0010-1222000086ta aSBPUPADbind0 aAsep Setiawan:ePengarang1 aHari-hari Ceria Berkat Ternak Belut /cAsep Setiawan aCet.1 a70 hlm. :bilus. ;c18 cm a978-979-016-249-50 aind a639.5 a639.5 ASE h a633.89 TIM k L 18 R 8 aBandung :bAcarya Media Utama,c2002 2rdacontentateks 2rdamediaatanpa perantara 2rdacarrieravolume 4aTeknik Terampil aPUPAD260420 0  aJakarta :bRineka Cipta,c2011 abibiliografi, hlm 71 a12032/H/KAPD a12031/H/KAPD